Thesis Open Access

FLOOD HAZARD ASSESSMENT AND MAPPING USING GIS INTEGRATED WITH MULTI-CRITERIA DECISION ANALYSIS IN DEREK WONZE MEHAL AMBA TOWN

DESALE DAGNAW; Dr. Imran Ahmed


MARC21 XML Export

<?xml version='1.0' encoding='UTF-8'?>
<record xmlns="http://www.loc.gov/MARC21/slim">
  <leader>00000nam##2200000uu#4500</leader>
  <datafield tag="653" ind1=" " ind2=" ">
    <subfield code="a">Multi-Criteria Decision Analysis; ArcGIS 10.4.1; Analytic Hierarchy Process; Flood hazard assessment; Derek Wonze Mehal Amba Town watershed</subfield>
  </datafield>
  <controlfield tag="005">20251226073235.0</controlfield>
  <controlfield tag="001">23860</controlfield>
  <datafield tag="700" ind1=" " ind2=" ">
    <subfield code="u">Woldia University</subfield>
    <subfield code="a">Dr. Imran Ahmed</subfield>
  </datafield>
  <datafield tag="856" ind1="4" ind2=" ">
    <subfield code="s">1987405</subfield>
    <subfield code="z">md5:53ebb629193e674f540eb27afaf9034f</subfield>
    <subfield code="u">https://zenodo.org/record/23860/files/DESALE DAGNAW  FINAL THESIS.pdf</subfield>
  </datafield>
  <datafield tag="542" ind1=" " ind2=" ">
    <subfield code="l">open</subfield>
  </datafield>
  <datafield tag="260" ind1=" " ind2=" ">
    <subfield code="c">2025-09-16</subfield>
  </datafield>
  <datafield tag="909" ind1="C" ind2="O">
    <subfield code="o">oai:zenodo.org:23860</subfield>
  </datafield>
  <datafield tag="100" ind1=" " ind2=" ">
    <subfield code="u">Woldia University</subfield>
    <subfield code="a">DESALE DAGNAW</subfield>
  </datafield>
  <datafield tag="245" ind1=" " ind2=" ">
    <subfield code="a">FLOOD HAZARD ASSESSMENT AND MAPPING USING GIS INTEGRATED WITH MULTI-CRITERIA DECISION ANALYSIS IN DEREK WONZE MEHAL AMBA TOWN</subfield>
  </datafield>
  <datafield tag="540" ind1=" " ind2=" ">
    <subfield code="u">http://www.opendefinition.org/licenses/cc-by</subfield>
    <subfield code="a">Creative Commons Attribution</subfield>
  </datafield>
  <datafield tag="650" ind1="1" ind2="7">
    <subfield code="a">cc-by</subfield>
    <subfield code="2">opendefinition.org</subfield>
  </datafield>
  <datafield tag="520" ind1=" " ind2=" ">
    <subfield code="a">&lt;p&gt;Flooding remains a persistent challenge, driven by climate change and human-induced alterations that disrupt hydrological systems. The main goal of this study was flood hazard assessment and mapping using GIS integrated with multi criteria decision analysis in Derek Wonze Mehal Amba Town watershed which was a parts of upper awash river basin. To assess flood hazards, key environmental seven factors including slope, elevation, rain fall, drainage density, soil type, proximity to river and land use&amp;mdash;were systematically analyzed. Expert judgments and institutional data were incorporated using the Analytic Hierarchy Process (AHP) to define criteria weights, which were then integrated into a Geographic Information System (GIS) framework. This methodology enabled precise spatial analysis, facilitating the development of detailed flood hazard maps categorizing vulnerable areas into the results of very low (11250 ha) of 10.5℅, low (18990 ha) of 17.6℅, moderate (34290 ha) of 31.9℅, high (26550 ha) of 24.7℅ and very high (16560 ha) of 15.4℅ -risk zones. These maps provide actionable insights for policymakers, urban planners, and environmental agencies seeking to enhance regional flood preparedness. Beyond technical findings, this research emphasizes the necessity of collaborative flood risk management, advocating for proactive intervention strategies that align with ecological preservation and infrastructure planning. By harnessing GIS and AHP methodologies, the study offers a comprehensive model for evaluating flood vulnerability, ensuring informed decision-making that strengthens community resilience. The insights gained serve as a foundation for sustainable land and water management practices, equipping stakeholders with essential tools to mitigate future flood threats while safeguarding environmental stability. This study contributes to advancing adaptive strategies, reinforcing the importance of integrating science and policy to address evolving climatic and anthropogenic flood hazards.&lt;br&gt;
&amp;nbsp;&lt;/p&gt;</subfield>
  </datafield>
  <datafield tag="773" ind1=" " ind2=" ">
    <subfield code="n">doi</subfield>
    <subfield code="i">isVersionOf</subfield>
    <subfield code="a">10.20372/nadre:23859</subfield>
  </datafield>
  <datafield tag="024" ind1=" " ind2=" ">
    <subfield code="a">10.20372/nadre:23860</subfield>
    <subfield code="2">doi</subfield>
  </datafield>
  <datafield tag="980" ind1=" " ind2=" ">
    <subfield code="a">publication</subfield>
    <subfield code="b">thesis</subfield>
  </datafield>
</record>
0
0
views
downloads
All versions This version
Views 00
Downloads 00
Data volume 0 Bytes0 Bytes
Unique views 00
Unique downloads 00

Share

Cite as